000 00871nam a22002657a 4500
001 240027
003 DO-SdBNP
005 20180202143055.0
007 240027
008 160318b 1979 sp xxu||||| |||| 00| 0 spa d
020 _a8449907616
040 _aBPMSU
_bspa
_cBPMSU
092 _axxxxx
_bxxxxx
100 1 _aAlegría, Ricardo E.
245 1 0 _aEl rey Miguel :
_bhéroe puertorriqueño en la lucha por la libertad de los esclavos /
_cRicardo E. Alegría.
260 1 0 _aSan Juan, Puerto Rico :
_bInstituto de Cultura Puertorriqueña,
_c1979.
300 _a30 p. :
_bil. ;
_c22 cm.
490 1 _aLibros del Pueblo
_v13
500 _aIncluye referencias bibliográficas y notas al pie de las páginas.
504 _aBibliografia: p. 29-30
830 0 _aLibros del Pueblo ;
_n13
942 _2ddc
_cBK
945 _aInventariado, 2018 / BT
956 _2LOPEREZ
_310
999 _c9323
_d9323